|
|
|
|
| LEADER |
01361nam a2200301 a 4500 |
| 001 |
GR-MES12234 |
| 008 |
070516s2005 mau b 001 0 eng d |
| 020 |
|
|
|a 0618393625
|
| 040 |
|
|
|a GrPaTEI
|b gre
|c GR-PaULI
|
| 040 |
|
|
|a GrPaTEI
|b gre
|c GR-PaULI
|
| 082 |
|
0 |
|a 657
|
| 100 |
1 |
|
|a Needles, Belverd E.,
|c Jr.,
|d 1942-
|
| 245 |
1 |
0 |
|a Financial & managerial accounting /
|c Belverd E.Needles / Marian Powers / Susan V.Crosson.
|
| 250 |
|
|
|a 7th ed.
|
| 260 |
|
|
|a Boston :
|b Houghton Mifflin,
|c 2005
|
| 300 |
|
|
|a x1ii
|a 1297σ. :
|b εικ. ;
|c 29εκ.
|
| 504 |
|
|
|a Περιλαμβάνει βιβλιογραφίες και ευρετήριο.
|
| 650 |
|
0 |
|a Accounting
|
| 650 |
|
0 |
|a Managerial accounting
|
| 650 |
|
7 |
|a Διοικητική λογιστική.
|2 lcsh/gre
|
| 650 |
|
7 |
|a Λογιστική.
|2 lcsh/gre
|
| 700 |
1 |
|
|a Crosson, Susan V.
|
| 700 |
1 |
|
|a Powers, Marian
|
| 942 |
|
|
|2 ddc
|
| 952 |
|
|
|0 0
|1 0
|2 ddc
|4 0
|6 657_000000000000000_NEE
|7 0
|9 270835
|a MSLG
|b MSLG
|c BSC
|d 2021-01-17
|e 24
|f 0
|g 0.00
|l 0
|o 657 NEE
|p 2420000021760
|r 2021-01-17 00:00:00
|t 1
|w 2021-01-17
|y BK15
|x 20070516 0 ΜΑΤΣΙΩΡΗ 1
|x GrPaTEI
|
| 952 |
|
|
|0 0
|1 0
|2 ddc
|4 0
|6 657_000000000000000_NEE
|7 0
|9 270836
|a MSLG
|b MSLG
|c BSC
|d 2021-01-17
|e 24
|f 0
|g 0.00
|l 0
|o 657 NEE
|p 2420000022213
|r 2021-01-17 00:00:00
|t 1
|w 2021-01-17
|y BK15
|x 20080306 0 1
|x GrPaTEI
|
| 971 |
|
|
|a .b25782812
|b 01-10-20
|c 13-09-16
|
| 999 |
|
|
|c 156476
|d 156476
|